LEADER 00979nam--2200373---450- 001 990005958950203316 005 20140730115724.0 035 $a000595895 035 $aUSA01000595895 035 $a(ALEPH)000595895USA01 035 $a000595895 100 $a20140730d1984----km-y0itay50------ba 101 $aita 102 $aIT 105 $a||||||||001yy 200 1 $a<> preghiera$fOrigene$ga cura di Giuseppe Del Ton 210 $aMilano$cMondadori$d1984 215 $a173 p.$d19 cm 225 2 $aOscar uomini e religioni 410 0$12001$aOscar uomini e religioni 454 1$12001 461 1$1001-------$12001 606 0 $aPreghiera$2BNCF 676 $a203.8 700 1$aORIGENES$0164524 702 1$aDEL TON,$bGiuseppe 801 0$aIT$bsalbc$gISBD 912 $a990005958950203316 951 $aFG CHR. 86$b7631 DSA 959 $aBK 969 $aDSA 979 $aDSA$b90$c20140730$lUSA01$h1157 996 $aPreghiera$9865894 997 $aUNISA LEADER 01269nam a2200361 i 4500 001 991001861209707536 005 20250430151402.0 008 951129s1995 it gr 001 0 ita d 020 $a8870182819 035 $ab10923573-39ule_inst 035 $aPARLA150067$9ExL 040 $aDip.to Scienze dell'Antichità$bita$dSocioculturale Scs 041 1 $aita$alat$hlat 082 04$a171.2$223 100 1 $aSeneca, Lucius Annaeus$07130 240 10$aAd Helviam matrem de consolatione$918237 245 10$aA mia madre, dall'esilio /$cLucio Anneo Seneca ; traduzione di Gavino Manca ; con un'appendice di Carlo Carena 260 $aGenova :$bIl melangolo,$c1995 300 $a151 p. ;$c16 cm 490 1 $aNuage ;$v84 546 $aTesto latino a fronte 650 4$aStoicismo 650 4$aEtica 700 1 $aCarena, Carlo 700 1 $aManca, Gavino 740 0 $aAd Helviam matrem de consolatione 830 0$aNuage ;$v84 907 $a.b10923573$b23-02-17$c28-06-02 912 $a991001861209707536 945 $aLE007 870.1 Seneca 1995-03$g1$i2015000104168$lle007$o-$pE0.00$q-$rl$s-$t0$u1$v0$w1$x0$y.i11027435$z28-06-02 996 $aAd Helviam matrem de consolatione$918237 997 $aUNISALENTO 998 $ale007$b01-01-95$cm$da$e-$fita$git$h0$i1